1694 1910 1109 1070 1981 1831 1567 1957 1766 1112 1480 1169 1823 1601 1909 1417 1790 1990 1206 1416 1775 1055 1663 1061 1967 1411 1605 1238 1507 1874 1648 1017 1617 1337 1066 1010 2000 1183 1078 1091 1417 1491 1082 1450 1568 1004 1614 1653 1028 1054 1742 1937 1130 1403 1363 1252 1997 1803 1473 1668 1576 1256 1695 1421 1899 1818 1539 1382 1874 1878 1279 1016 1874 1354 1071 1387 1695 1839 1553 1112 1735 1092 1685 1944 1259 1795 1952 1814 1630 1172 1190 1350 1203 1274 1447 1207 1316 1455 1774 BCNSPRNW ULIB Ver.6.0+V

เปลี่ยนเป็นภาษาไทย

Change to English
 แสดงรายละเอียดบรรณานุกรม
  กลับหน้าหลัก

Brief Record : Get Marc (ISO 2709) : E-mail record : QR code < ปิดหน้าต่าง
LEADER : 00000nam 2200000uu 4500
001    13399109616
003     ULIB
008    110404s2543||||th 000 0 tha d
020    9746572261
060 04 WY157^bก836ก 2543
100 0  เกสรา ศรีพิชญาการ
245    การพยาบาลหญิงที่มีการเจ็บครรภ์และคลอดก่อนกำหนด /^cเกสรา ศรีพิชญาการ
250    พิมพ์ครั้งที่ 1
260    เชียงใหม่ :^bคณะพยาบาลศาสตร์ มหาวิทยาลัยเชียงใหม่,^c2543
300    142 หน้า
650  7 เจ็บครรภ์
650  7 คลอดก่อนกำหนด
710  2 มหาวิทยาลัยเชียงใหม่. ^bคณะพยาบาลศาสตร์
945    ^p130^l0^i014173
945    ^p130^l0^i014176
945    ^p130^l0^i014175
945    ^p130^l0^i014174
945    ^p130^l0^i014172
945    ^p130^l0^i014171
995    เกษร
999 ^a ใช้งานได้ทุกระบบ
รายการนี้ยังไม่มีแท็ก
คุณยังไม่ได้ล็อกอิน คุณสามารถมีกิจกรรมร่วมกับเว็บไซต์ได้ แต่ต้องล็อกอินก่อน ::
  ล็อกอิน

รายการสื่อสารสนเทศ

ลำดับที่ ประเภท เลขเรียก/บาร์โค้ด สถานที่ สถานะ
1. วิทยาศาสตร์การแพทย์ และสุขภาพ
วิทยาศาสตร์การแพทย์ และสุขภาพ
WY157 ก836ก 2543 ฉ.4 
  Barcode: 014174
ห้องสมุดวิทยาเขตสวรรค์ประชารักษ์
►ส่วนจัดเก็บหนังสือเก่า สปร
บนชั้น
  ขอยืม
2. วิทยาศาสตร์การแพทย์ และสุขภาพ
วิทยาศาสตร์การแพทย์ และสุขภาพ
WY157 ก836ก 2543 ฉ.6 
  Barcode: 014176
ห้องสมุดวิทยาเขตสวรรค์ประชารักษ์
►ส่วนจัดเก็บหนังสือเก่า สปร
บนชั้น
  ขอยืม

รายการใกล้เคียง
    ผู้แต่ง [เกสรา ศรีพิชญาการ]

    หัวเรื่อง [เจ็บครรภ์]
    หัวเรื่อง [คลอดก่อนกำหนด]

BibComment


ยังไม่เคยถูกคอมเมนท์

คอมเมนท์ทรัพยากรรายการนี้
  คอมเมนท์: การพยาบาลหญิงที่ม..


 Copyright 2026. Bcnsprnw @Library